[Event "Hamburg St Pauli op-B"]
[Site "Hamburg"]
[Date "2011.07.10"]
[Round "2"]
[White "Kossinz, Alex"]
[Black "Kaduszkiewicz, Martin"]
[Result "1/2-1/2"]
[WhiteElo "1711"]
[BlackElo "1841"]
[PlyCount "98"]
[EventDate "2011.07.09"]
[EventType "swiss"]
[EventRounds "9"]
[EventCountry "GER"]
[SourceTitle "CBM 143 Extra"]
[Source "ChessBase"]
[SourceDate "2011.08.29"]
[SourceVersion "1"]
[SourceVersionDate "2011.08.29"]
[SourceQuality "1"]

1. e4 c5 2. Nf3 e6 3. d4 cxd4 4. Nxd4 Nc6 5. Nc3 Qc7 6. Be2 a6 7. 0-0 Nf6 8. Kh1 Bb4 9. Qd3 0-0 10. f4 Nxd4 11. Qxd4 Bc5 12. Qd3 b5 13. e5 Ne8 14. a4 b4 15. Ne4 Be7 16. Rd1 Bb7 17. Bf3 Bd5 18. Be3 f5 19. Nd6 Bxf3 20. Nxe8 Bxg2+ 21. Kxg2 Rfxe8 22. c4 bxc3 23. bxc3 Red8 24. Rab1 Qc6+ 25. Kg3 d5 26. a5 Rab8 27. Bb6 Rdc8 28. Qxa6 Qxc3+ 29. Rd3 Qc4 30. Qxc4 Rxc4 31. Rdb3 Ra4 32. Kf3 Rc8 33. R1b2 Rcc4 34. Be3 Rxa5 35. Rb8+ Kf7 36. R2b7 Ra3 37. Rd8 d4 38. Rdd7 Rxe3+ 39. Kf2 Rc2+ 40. Kf1 Rf3+ 41. Ke1 Rxf4 42. Rxe7+ Kg6 43. Rxe6+ Kh5 44. Rxg7 h6 45. Rh7 Kg4 46. Rexh6 Re4+ 47. Kd1 Rce2 48. Rh3 Kf4 49. e6 Rxe6 1/2-1/2

[Event "GER-chT Schools WK II"]
[Site "Verden an der Aller"]
[Date "2011.05.14"]
[Round "2.2"]
[White "Zuferi, Enis"]
[Black "Kossinz, Alex"]
[Result "1-0"]
[WhiteElo "2009"]
[BlackElo "1667"]
[PlyCount "67"]
[EventDate "2011.05.14"]
[EventType "team-swiss"]
[EventRounds "7"]
[EventCountry "GER"]
[SourceTitle "EXT 2022"]
[Source "ChessBase"]
[SourceDate "2021.10.06"]
[SourceVersion "1"]
[SourceVersionDate "2021.10.06"]
[SourceQuality "1"]
[WhiteTeam "Heilbronn Mayer Gymn U17"]
[BlackTeam "Elmshorn Bismarckschule U17"]
[WhiteTeamCountry "GER"]
[BlackTeamCountry "GER"]

1. d4 Nf6 2. c4 g6 3. Nc3 Bg7 4. e4 d6 5. f3 0-0 6. Be3 e5 7. Nge2 Nc6 8. d5 Ne7 9. Qd2 c6 10. dxc6 bxc6 11. 0-0-0 Ne8 12. c5 d5 13. exd5 cxd5 14. Nxd5 Nxd5 15. Qxd5 Qxd5 16. Rxd5 Be6 17. Rd2 Bxa2 18. b4 Be6 19. Nc3 Nc7 20. Be2 Rfd8 21. Rhd1 Rxd2 22. Rxd2 a6 23. Rd6 Bf8 24. Rc6 Ra7 25. Rb6 Be7 26. c6 Ra8 27. Rb7 Bd8 28. Bb6 Rc8 29. Bxc7 Bxc7 30. Bxa6 Kf8 31. Nb5 Bd8 32. c7 Bg5+ 33. Kb1 Ke7 34. Rb8 1-0

[Event "Schleswig Holstein-ch U16"]
[Site "Neumuenster"]
[Date "2011.04.28"]
[Round "6.3"]
[White "Kossinz, Alex"]
[Black "Pommerenke, Birger"]
[Result "1/2-1/2"]
[WhiteElo "1667"]
[BlackElo "1736"]
[PlyCount "98"]
[EventDate "2011.04.25"]
[EventType "tourn"]
[EventRounds "9"]
[EventCountry "GER"]
[SourceTitle "EXT 2022"]
[Source "ChessBase"]
[SourceDate "2021.10.06"]
[SourceVersion "1"]
[SourceVersionDate "2021.10.06"]
[SourceQuality "1"]

1. e4 c5 2. Nf3 d6 3. d4 cxd4 4. Nxd4 Nf6 5. Nc3 g6 6. Be3 Bg7 7. f3 Nc6 8. Qd2 0-0 9. 0-0-0 d5 10. exd5 Nxd5 11. Nxc6 bxc6 12. Bd4 Nxc3 13. Qxc3 Bxd4 14. Qxd4 Qb6 15. Bc4 Ba6 16. Rhe1 c5 17. Qc3 Bxc4 18. Qxc4 e6 19. Rd7 Rfd8 20. Red1 Rxd7 21. Rxd7 Rb8 22. b3 a5 23. Qf4 Rf8 24. Qd6 Qb5 25. Rc7 Qf1+ 26. Kb2 Qxg2 27. Rxc5 Qxf3 28. Rxa5 Rc8 29. c4 Qf2+ 30. Ka3 Qe1 31. Ra7 Qc1+ 32. Kb4 Qe1+ 33. Kb5 Qe2 34. Kb6 Qe4 35. Kb5 Qe2 36. Qd7 Qe5+ 37. Ka6 Rf8 38. Qc7 Qe2 39. Kb6 e5 40. c5 Qxh2 41. c6 Qf2+ 42. Kb7 e4 43. Ra8 Rxa8 44. Kxa8 e3 45. Qd8+ Kg7 46. Qd4+ Kh6 47. c7 Qxa2+ 48. Kb8 Qxb3+ 49. Ka7 Qa2+ 1/2-1/2

[Event "Schleswig Holstein-ch U16 M"]
[Site "Neumuenster"]
[Date "2010.04.09"]
[Round "7"]
[White "Zessin, Bjoern"]
[Black "Kossinz, Alex"]
[Result "1/2-1/2"]
[WhiteElo "1365"]
[BlackElo "1588"]
[PlyCount "49"]
[EventDate "2010.04.05"]
[EventType "tourn"]
[EventRounds "9"]
[EventCountry "GER"]
[SourceTitle "EXT 2023"]
[Source "ChessBase"]
[SourceDate "2022.10.05"]
[SourceVersion "1"]
[SourceVersionDate "2022.10.05"]
[SourceQuality "1"]

1. e4 c5 2. Nf3 d6 3. d4 cxd4 4. Nxd4 Nf6 5. Nc3 a6 6. Bg5 e6 7. Bd3 Be7 8. 0-0 Nbd7 9. Re1 0-0 10. Qd2 Qb6 11. Nb3 Qc7 12. Nd4 b5 13. a3 Bb7 14. Nf3 Nb6 15. e5 Nfd5 16. Nxd5 Nxd5 17. Bxe7 Qxe7 18. exd6 Qxd6 19. b3 Rfd8 20. Rf1 Qc7 21. Rac1 Nc3 22. Rfe1 Rac8 23. Qe3 Qe7 24. Ra1 Bd5 25. Nd4 1/2-1/2